00788nam a22002417a 450000500170000001000130001702000110003003500130004103700160005404000120007008200130008210000280009524500640012325000170018726000360020427000470024030000280028750000220031565000390033794200220037699900190039895201290041720170124110219.0 aA-710553 c125.00 aA-710553 bCen Lib/Ret aDPLbEN a921bKAL aKalhan, Promilla939582 aKamala Nehru :cby Promilla Kalhanban intimate biography / a2nd rev. ed. aNew DelhibNIB Publishersc1990 bNew Delhie110005a13/22, W.E.A.Karol Bagh a147p. :c20cm(Hb)bill. aIncludes index  aNehru, Kamala, -- 1899-1936939583 2ddccENh921mKAL c134030d134030 001040718REFaLbLd2015-07-28eCen Lib/Retg125.00l0o921 KALpA-710553r2015-07-28 00:00:00t1v125.00w2015-07-28yEN